GPS satellite surveying (Record no. 103353)

MARC details
000 -LEADER
fixed length control field 00998cam a2200253 4500
008 - FIXED-LENGTH DATA ELEMENTS--GENERAL INFORMATION
fixed length control field 040212n2004 000 0 eng u
020 ## - INTERNATIONAL STANDARD BOOK NUMBER
International Standard Book Number 0471059307
035 ## - SYSTEM CONTROL NUMBER
System control number (Sirsi) u125138
041 ## - LANGUAGE CODE
Language code of text/sound track or separate title eng
050 ## - LIBRARY OF CONGRESS CALL NUMBER
Classification number 526.9823
-- 18
100 ## - MAIN ENTRY--PERSONAL NAME
Personal name Leick, A.
245 ## - TITLE STATEMENT
Title GPS satellite surveying
250 ## - EDITION STATEMENT
Edition statement 3rd ed.
260 ## - PUBLICATION, DISTRIBUTION, ETC.
Place of publication, distribution, etc. New Jersey
Name of publisher, distributor, etc. Wiley
Date of publication, distribution, etc. 2004
300 ## - PHYSICAL DESCRIPTION
Extent xxiv,435p.
Dimensions 25cm
350 ## - PRICE (NR) (BK AM CF MU VM SE) [OBSOLETE]
Price 52.85
520 ## - SUMMARY, ETC.
Summary, etc. This revised third edition contains coverage of the procedures that apply to the Russian GLONASS, the forthcoming European GALILEO and US GPS satellite systems. Also contains information on: geodetic reference systems; GPS modernisation; least-squares adjustments; pseudoranges and carrier phrases; the troposphere and ionosphere; the LAMBDA technique; and the ellipsoidal and conformal mapping models.
650 ## - SUBJECT ADDED ENTRY--TOPICAL TERM
Topical term or geographic name entry element GLOBAL POSITIONING SYSTEMS
650 ## - SUBJECT ADDED ENTRY--TOPICAL TERM
Topical term or geographic name entry element SATELLITE SURVEYING
650 ## - SUBJECT ADDED ENTRY--TOPICAL TERM
Topical term or geographic name entry element GLONASS
650 ## - SUBJECT ADDED ENTRY--TOPICAL TERM
Topical term or geographic name entry element GALILEO
690 ## - LOCAL SUBJECT ADDED ENTRY--TOPICAL TERM (OCLC, RLIN)
Topical term or geographic name as entry element GEOMATICS-GPS
942 ## - ADDED ENTRY ELEMENTS (KOHA)
Suppress in OPAC 0
Holdings
Withdrawn status Lost status Source of classification or shelving scheme Damaged status Not for loan Home library Current library Shelving location Date acquired Cost, normal purchase price Total Checkouts Full call number Barcode Date last seen Date last checked out Copy number Cost, replacement price Price effective from Koha item type
    Dewey Decimal Classification     London London Books 16/03/2004 52.85 11 526.9823 LEI 30068775 06/08/2019 01/10/2009 1 52.85 06/08/2019 Book